Happier Times Ahead. - RAYE (Lyrics) - Statistics

General Stats
  • This quiz has been taken 2 times
  • The average score is 269 of 417
Answer Stats
Answer % Correct
[?]
100%
a
100%
again
100%
again)
100%
ahead
100%
alone
100%
Auntie
100%
be
100%
believe,
100%
Bond
100%
but
100%
But
100%
can
100%
crying
100%
fair,
100%
Find
100%
friend
100%
happier
100%
(happier,
100%
happier,
100%
Happier
100%
Happier,
100%
hard
100%
has
100%
he
100%
her
100%
Her
100%
hold
100%
I
100%
in
100%
is
100%
Jean
100%
land
100%
left
100%
life
100%
Life
100%
little
100%
living
100%
marriage,
100%
me,
100%
middle
100%
must
100%
my
100%
no
100%
not
100%
of
100%
on
100%
(on
100%
on,
100%
one
100%
one)
100%
Roger
100%
she
100%
sixty
100%
so
100%
Somewhere
100%
Still
100%
Street,
100%
the
100%
The
100%
There
100%
(there
100%
there
100%
times
100%
times,
100%
to
100%
up
100%
up,
100%
who
100%
years
100%
a-aching
50%
aching
50%
After
50%
after
50%
aged
50%
as
50%
been
50%
bitter
50%
clutches
50%
coffee
50%
come
50%
Da-
50%
da-
50%
don't
50%
don't,
50%
down
50%
driving
50%
England
50%
faith
50%
girl
50%
(girl
50%
give
50%
hand
50%
hand,
50%
hand)
50%
heart
50%
heart)
50%
He's
50%
he's
50%
highlight
50%
his
50%
isn't
50%
know
50%
late,
50%
let
50%
lonely
50%
love
50%
man
50%
man's
50%
mates
50%
may
50%
May
50%
morning,
50%
never
50%
(oh,
50%
oh,
50%
oh
50%
only
50%
people
50%
pint
50%
Saturday
50%
She's
50%
she's
50%
show
50%
since
50%
sipper
50%
sweet
50%
there's
50%
traffic
50%
understands
50%
van
50%
Watching
50%
we
50%
(we
50%
Whatever
50%
when
50%
will
50%
window
50%
window)
50%
you
50%
all
0%
alright?
0%
alright,
0%
And
0%
and
0%
anymore
0%
are
0%
at
0%
band,
0%
bar
0%
behind
0%
bills
0%
can't
0%
clouds,
0%
coming,
0%
cried
0%
darling?
0%
day
0%
dog,
0%
'ever
0%
everyday's
0%
exists
0%
feel
0%
forever,
0%
gave
0%
get
0%
here
0%
him
0%
hm
0%
how
0%
how,
0%
huh
0%
hundred
0%
it,
0%
It
0%
it's
0%
joy
0%
just
0%
Just
0%
kinds
0%
last
0%
learning
0%
like
0%
live
0%
loved,
0%
mm
0%
Nah
0%
nah
0%
need
0%
Now,
0%
off
0%
oh-ah
0%
Oh-oh,
0%
Oh-oh
0%
onto
0%
Ooh,
0%
or
0%
passing
0%
pay
0%
rain
0%
Repeat
0%
right
0%
said
0%
same
0%
seas,
0%
Sun
0%
Uh,
0%
was
0%
who'd
0%
without
0%
Working
0%
yeah,
0%
yeah)
0%
yeah-yeah
0%
Yeah-yeah,
0%
yeah-yeah,
0%
No matching quizzes found
Score Distribution
Percent of People with Each Score
Percentile by Number Answered
Your Score History
You have not taken this quiz